| 000 | 00552nam a2200181 i 4500 | ||
|---|---|---|---|
| 001 | bg | ||
| 245 | 0 |
_aAdobe Premiere 6.0 : _bpodręcznik komputerowego montażu video. |
|
| 260 |
_aWrocław : _bHDP Electronics, _c[2000]. |
||
| 300 |
_a143 s. : _bil. ; _c15 x 21 cm + _eCD ROM. |
||
| 650 | 9 | _aPremiere | |
| 655 | _aPodręczniki | ||
| 040 | _cBPK | ||
| 041 | 0 | _apl | |
| 080 | _a004.42:004.92:004.4'274](07) | ||
| 942 | _cKS | ||
| 008 | s pl f |000 0 pol | ||
| 999 |
_c40353 _d40353 |
||